Prima che sia notte : autobiografia /

Kaydedildi:
Detaylı Bibliyografya
Yazar: Arenas, Reinaldo
Diğer Yazarlar: Dallorso, Elena
Materyal Türü: Kitap
Dil:İngilizce
Baskı/Yayın Bilgisi: Parma Guanda 2020
Edisyon:10. ed
Etiketler: Etiketle
Etiket eklenmemiş, İlk siz ekleyin!

MARC

LEADER 00000nam a2200000 4500
005 20240724190233.0
008 240724b |||||||| |||| 00| 0 eng d
020 |a 9788823515062 
040 |c c 
100 |a Arenas, Reinaldo 
245 |a Prima che sia notte :  |b autobiografia /  |c traduzione di Elena Dallorso 
250 |a 10. ed 
260 |a Parma  |b Guanda  |c 2020 
700 |a Dallorso, Elena 
942 |2 ddc  |c BK  |n 0 
952 |0 0  |1 0  |2 ddc  |4 0  |6 863_640000000000000_ARE_PRI  |7 0  |9 597  |a RI  |b RI  |d 2024-02-01  |l 1  |o 863.64 ARE PRI  |p 1185  |r 2024-07-24 19:24:08  |s 2024-07-24  |w 2024-02-01  |y BK 
999 |c 1535  |d 1535